| 000 | 01626cam a2200397 a 4500 | ||
|---|---|---|---|
| 999 |
_c331731 _d331731 |
||
| 001 | 1067345 | ||
| 003 | NUST | ||
| 005 | 20171019130739.0 | ||
| 008 | 910321m19869999pk b 001 0 eng | ||
| 010 | _a 90931465 | ||
| 020 |
_a9694150027 (v. 1): _cRs90.00 ($12.00 U.S.) |
||
| 020 |
_a9694150043 (v. 2): _cRs120.00 ($15.00 U.S.) |
||
| 020 | _c9694150515(v.3) | ||
| 040 |
_aDLC _cDLC _dDLC |
||
| 043 | _aa-pk--- | ||
| 050 | 0 | 0 |
_aJQ559.A45 _bA35 1986 |
| 082 | 0 | 0 |
_a324.25491009 _bAFZ |
| 100 | 1 |
_aAfzal, M. Rafique. _95540 |
|
| 245 | 1 | 0 |
_aPolitical parties in Pakistan / _cM. Rafique Afzal. |
| 250 | _a2nd ed. | ||
| 260 |
_aIslamabad : _bNational Institute of Historical and Cultural Research, _c1998 |
||
| 300 |
_av. <1-3 > ; _c25 cm. |
||
| 490 | 1 |
_aHistorical studies (Pakistan) series; _v2-3; 15 |
|
| 490 | 1 |
_aNIHCR publication ; _vno. 98 |
|
| 504 | _aIncludes bibliographical references and index. | ||
| 505 | 1 | _aContents: v. 1. 1947-1958 -- v. 2. 1958-1969 -- v. 3. 1969-1971. | |
| 590 | _aIn English. | ||
| 650 | 0 |
_aPolitical parties _zPakistan _xHistory. _95541 |
|
| 651 | 0 |
_aPakistan _xPolitics and government. _9206 |
|
| 830 | 0 |
_aHistorical studies (Pakistan) series ; 2, etc. _95542 |
|
| 830 | 0 |
_aN.I.H.C.R. publication ; _vno. 98, etc. _95543 |
|
| 906 |
_a7 _bcbc _corignew _d2 _encip _f19 _gy-gencatlg |
||
| 942 |
_2ddc _cBK |
||